[Event "ch-FRA Accession 2014"]
[Site "Nimes FRA"]
[Date "2014.08.21"]
[Round "5.8"]
[White "Apicella, Manuel"]
[Black "Favarel, Antoine"]
[Result "1-0"]
[WhiteTitle "GM"]
[BlackTitle "FM"]
[WhiteElo "2520"]
[BlackElo "2362"]
[WhiteFideId "600164"]
[BlackFideId "642371"]
[EventDate "2014.08.17"]
[EventType "swiss"]

1. d4 Nf6 2. Nf3 d5 3. Bf4 c5 4. e3 Nc6 5. c3 Qb6 6. Qb3 c4 7. Qc2 Bf5 8. Qc1 e6
9. h3 Qd8 10. Nbd2 h6 11. Be2 b5 12. O-O Bd6 13. Bxd6 Qxd6 14. a4 bxa4 15. Rxa4
Rb8 16. Qa1 O-O 17. Ra6 Qc7 18. Qa3 Rb6 19. b4 cxb3 20. Nxb3 Rfb8 21. Rxb6 Qxb6
22. Nc5 Ne4 23. Nd7 Qb2 24. Qa6 Nxc3 25. Qxc6 Nxe2+ 26. Kh1 Rd8 27. Qc7 Re8 28.
Nfe5 Bg6 29. Qc6 Kh8 30. Nxg6+ fxg6 31. Ne5 Qb8 32. Qc2 1-0

[Event "ch-FRA Accession 2014"]
[Site "Nimes FRA"]
[Date "2014.08.21"]
[Round "5.9"]
[White "Mirimanian, Hayk"]
[Black "Wirig, Anthony"]
[Result "0-1"]
[BlackTitle "GM"]
[WhiteElo "2260"]
[BlackElo "2506"]
[WhiteFideId "4700180"]
[BlackFideId "615013"]
[EventDate "2014.08.17"]
[EventType "swiss"]

1. e4 c5 2. Nf3 d6 3. Bb5+ Nd7 4. O-O a6 5. Bxd7+ Bxd7 6. c3 Nf6 7. Re1 e6 8. d4
cxd4 9. cxd4 d5 10. e5 Ne4 11. Nbd2 Nxd2 12. Bxd2 Qb6 13. Bc3 Be7 14. Rc1 a5 15.
h4 h6 16. Nh2 Bb5 17. Qg4 g5 18. h5 Bd3 19. Qd1 Bf5 20. f3 O-O 21. Nf1 f6 22.
exf6 Bxf6 23. g4 Bh7 24. Kg2 Bg7 25. Ng3 Rf4 26. Ne2 Rf7 27. Qd2 Qc7 28. Ng3 Rf6
29. Re3 b5 30. a3 Bf8 31. Bb4 Qf7 32. Bxa5 Bd6 33. Ne2 Rf8 34. Rf1 Be4 35. Qc3
Rf4 36. Nxf4 Qxf4 37. Kf2 Qh2+ 38. Ke1 Qg2 39. Rf2 Bg3 40. Re2 Bxf3 41. Bc7 Qg1+
42. Kd2 Bxf2 43. Qc6 Be3+ 44. Rxe3 Qd1+ 0-1

[Event "ch-FRA Accession 2014"]
[Site "Nimes FRA"]
[Date "2014.08.21"]
[Round "5.10"]
[White "Battaglini, Gabriel"]
[Black "Collas, Didier"]
[Result "1/2-1/2"]
[WhiteTitle "IM"]
[BlackTitle "IM"]
[WhiteElo "2431"]
[BlackElo "2362"]
[WhiteFideId "621650"]
[BlackFideId "602680"]
[EventDate "2014.08.17"]
[EventType "swiss"]

1. d4 Nf6 2. c4 Nc6 3. Nf3 e6 4. g3 d5 5. Bg2 dxc4 6. O-O Rb8 7. Nc3 b5 8. Ne5
Nxe5 9. dxe5 Nd7 10. Qc2 Bb7 11. Bxb7 Rxb7 12. Rd1 Qc8 13. a4 b4 14. Ne4 c3 15.
Rb1 Nxe5 16. bxc3 b3 17. Rxb3 Be7 18. Bf4 Ng6 19. Rxb7 Qxb7 20. Rb1 Qc6 21. Rb8+
Kd7 22. Rxh8 Nxh8 23. Be5 f6 24. Bd4 a6 25. h4 Nf7 26. Nd2 e5 27. Be3 g6 28. Nf3
Qc4 29. h5 f5 30. Kf1 Ke6 31. hxg6 hxg6 32. Nd2 Qd5 33. f3 Bc5 34. Bxc5 Qxc5 35.
Qb3+ Qd5 36. e4 fxe4 37. fxe4 Qxb3 38. Nxb3 Ng5 39. Nd2 Kd6 40. Ke2 Kc5 41. Kd3
c6 42. Nb3+ Kb6 43. c4 c5 44. Ke3 Ne6 45. a5+ Kc6 46. Nd2 Nd4 47. Nf3 Kd6 48.
Nh4 g5 49. Nf3 Nb3 50. Nxg5 Nxa5 51. Kd3 Nc6 52. g4 a5 53. Kc3 a4 54. Nf3 Nd4
55. Ne1 Ne2+ 56. Kd3 Nf4+ 57. Kc2 Nh3 58. Nd3 Ng5 59. Nf2 Nf3 60. Nd1 Ke6 61.
Nf2 Kd6 62. Nd3 Ng5 63. Nf2 Nf3 64. Nd1 Ke6 65. Nc3 a3 66. Kb3 Nd2+ 67. Kxa3
Nxc4+ 68. Ka4 Nd6 69. Ka5 Kf6 70. Kb6 Kg5 71. Kxc5 Nxe4+ 72. Nxe4+ Kxg4 1/2-1/2

[Event "ch-FRA Accession 2014"]
[Site "Nimes FRA"]
[Date "2014.08.21"]
[Round "5.11"]
[White "Mullon, Jean-Baptiste"]
[Black "Fantinel, Thibault"]
[Result "0-1"]
[WhiteTitle "IM"]
[BlackTitle "FM"]
[WhiteElo "2430"]
[BlackElo "2272"]
[WhiteFideId "613606"]
[BlackFideId "663395"]
[EventDate "2014.08.17"]
[EventType "swiss"]

1. e4 c5 2. Nf3 e6 3. d4 cxd4 4. Nxd4 Nc6 5. Nc3 Qc7 6. Be3 a6 7. a3 b5 8. Nxc6
Qxc6 9. Be2 Bb7 10. O-O Rc8 11. Bd4 Nf6 12. Bf3 Qc4 13. b3 Qc7 14. e5 Bxf3 15.
Qxf3 Bc5 16. Nxb5 axb5 17. Bxc5 Qxc5 18. exf6 O-O 19. Rae1 Qxc2 20. fxg7 Rfe8
21. Re3 d5 22. Qf6 Rc7 23. h4 Qg6 24. Qd4 f6 25. Rfe1 Rxg7 26. Qxd5 exd5 27.
Rxe8+ Qxe8 28. Rxe8+ Kf7 29. Re1 Rg4 30. Ra1 Ke6 31. a4 Kd6 32. a5 Kc7 33. g3
Rb4 34. Rc1+ Kb7 35. Rd1 Rxb3 36. Rxd5 Ka6 37. Rd7 Rc3 38. Rxh7 b4 39. Rh8 Ka7
40. Rf8 Rc6 41. Rd8 b3 42. Rd3 b2 43. Rb3 Rc1+ 44. Kg2 b1=Q 45. Rxb1 Rxb1 46.
Kf3 Rb5 47. g4 Rxa5 48. Kf4 Kb7 49. h5 Rg5 50. h6 Rg6 51. Kf5 Rxh6 52. f4 Kc7
53. g5 fxg5 54. fxg5 Rh1 55. g6 Kd7 56. Kf6 Ke8 57. g7 Rg1 0-1

[Event "ch-FRA Accession 2014"]
[Site "Nimes FRA"]
[Date "2014.08.21"]
[Round "5.12"]
[White "Briet, Antoine"]
[Black "Brochet, Philippe"]
[Result "0-1"]
[WhiteTitle "FM"]
[BlackTitle "IM"]
[WhiteElo "2254"]
[BlackElo "2400"]
[WhiteFideId "644641"]
[BlackFideId "602469"]
[EventDate "2014.08.17"]
[EventType "swiss"]

1. e4 c5 2. Nf3 e6 3. d4 cxd4 4. Nxd4 Nf6 5. Nc3 Nc6 6. Ndb5 Bc5 7. Bf4 O-O 8.
Bc7 Qe7 9. Bd6 Bxd6 10. Qxd6 Qd8 11. Nc7 Rb8 12. Be2 b5 13. e5 b4 14. exf6 bxc3
15. fxg7 Kxg7 16. Qg3+ Kh8 17. Qxc3+ e5 18. Nd5 Nd4 19. Bc4 Qh4 20. O-O-O Bb7
21. Qe3 f6 22. Kb1 Nxc2 23. Qd3 Nd4 24. f3 Rfc8 25. Ne3 d5 26. Bxd5 Bxd5 27.
Nxd5 Rc2 28. b3 Qf2 29. Ne3 Rxa2 30. Qc3 Rxb3+ 31. Qxb3 Nxb3 32. Nf5 Rb2# 0-1

[Event "ch-FRA Accession 2014"]
[Site "Nimes FRA"]
[Date "2014.08.21"]
[Round "5.13"]
[White "Bricard, Emmanuel"]
[Black "Burri, Quentin"]
[Result "0-1"]
[WhiteTitle "GM"]
[WhiteElo "2457"]
[BlackElo "2211"]
[WhiteFideId "600245"]
[BlackFideId "26028654"]
[EventDate "2014.08.17"]
[EventType "swiss"]

1. d4 d5 2. c4 c6 3. cxd5 cxd5 4. Bf4 Nc6 5. e3 Nf6 6. Nc3 a6 7. Bd3 Bg4 8. Nge2
e6 9. O-O Be7 10. Rc1 O-O 11. Na4 Nd7 12. f3 Bh5 13. Qb3 Ra7 14. Bg3 Bg6 15. Nf4
Na5 16. Qc3 b5 17. Nxg6 hxg6 18. Nc5 Nxc5 19. dxc5 Nc4 20. Bxc4 dxc4 21. b4 Rd7
22. e4 Rd3 23. Qa1 a5 24. a3 axb4 25. axb4 Rb3 26. Rfd1 Qc8 27. Qa7 Bf6 28. Bd6
Re8 29. Rb1 Bd4+ 30. Kh1 e5 31. Qb6 Qd7 32. Qa6 g5 33. Qa2 Rxb1 34. Rxb1 Qc6 35.
Qa7 c3 36. h3 Ra8 37. Qe7 Be3 0-1

[Event "ch-FRA Accession 2014"]
[Site "Nimes FRA"]
[Date "2014.08.21"]
[Round "5.14"]
[White "Song, Julien"]
[Black "Le Ruyet, Leopold"]
[Result "1-0"]
[WhiteTitle "IM"]
[WhiteElo "2403"]
[BlackElo "2263"]
[WhiteFideId "659487"]
[BlackFideId "645923"]
[EventDate "2014.08.17"]
[EventType "swiss"]

1. d4 Nf6 2. c4 e6 3. Nf3 c5 4. d5 exd5 5. cxd5 d6 6. Nc3 g6 7. Bf4 Bg7 8. Qa4+
Bd7 9. Qb3 Qc7 10. e4 O-O 11. Be2 Nh5 12. Be3 Na6 13. Nd2 Rab8 14. Qd1 Nf6 15.
O-O Ne8 16. a3 Qc8 17. Rc1 b5 18. b4 Qd8 19. Qb3 Qe7 20. Rfe1 Nf6 21. h3 Rfc8
22. Bf1 Ne8 23. Nf3 Rb7 24. Bg5 f6 25. Bf4 Qf7 26. Rc2 Nb8 27. Rec1 a6 28. bxc5
dxc5 29. Nd1 Bf8 30. Ne3 a5 31. a4 Bd6 32. e5 fxe5 33. Bxe5 Na6 34. Nc4 Bf5 35.
Nxd6 Nxd6 36. Bxd6 c4 37. Qe3 Bxc2 38. Rxc2 Nb4 39. Re2 Nxd5 40. Qe5 c3 41. axb5
c2 42. Ng5 Qf5 43. Rxc2 Rxc2 44. Qe8+ Kg7 45. Bf8+ Kg8 46. Bh6+ 1-0

[Event "ch-FRA Accession 2014"]
[Site "Nimes FRA"]
[Date "2014.08.21"]
[Round "5.15"]
[White "Meynard, Thibault"]
[Black "Lazarev, Vladimir"]
[Result "1/2-1/2"]
[BlackTitle "GM"]
[WhiteElo "2237"]
[BlackElo "2400"]
[WhiteFideId "625493"]
[BlackFideId "4113250"]
[EventDate "2014.08.17"]
[EventType "swiss"]

1. d4 Nf6 2. Nf3 d5 3. c4 e6 4. Nc3 Bb4 5. Bg5 h6 6. Bxf6 Qxf6 7. e3 O-O 8. Rc1
dxc4 9. Bxc4 c5 10. O-O cxd4 11. Qxd4 Qxd4 12. Nxd4 Bd7 13. a3 Bxc3 14. Rxc3 Nc6
15. Rd1 Nxd4 16. Rxd4 Bc6 17. b4 Rfc8 18. Bf1 Kf8 19. f3 Ke7 20. e4 a5 21. Kf2
axb4 22. Rxb4 Kd6 23. Rd4+ Ke7 24. Rb4 Kd6 25. Rd4+ Ke7 26. Rb4 1/2-1/2

[Event "ch-FRA Accession 2014"]
[Site "Nimes FRA"]
[Date "2014.08.23"]
[Round "6.1"]
[White "Mancini, Mario"]
[Black "Demuth, Adrien"]
[Result "1/2-1/2"]
[WhiteTitle "FM"]
[BlackTitle "IM"]
[WhiteElo "2209"]
[BlackElo "2518"]
[WhiteFideId "605077"]
[BlackFideId "642274"]
[EventDate "2014.08.17"]

1. d4 Nf6 2. c4 g6 3. g3 Bg7 4. Bg2 O-O 5. Nc3 d6 6. Nf3 Nc6 7. O-O a6 8. d5 Na5
9. b3 Rb8 10. Nd4 Bd7 11. Bd2 c5 12. dxc6 Nxc6 13. Nxc6 Bxc6 14. Bxc6 bxc6 15.
Rc1 Nd7 16. Be3 Ne5 17. Bd4 Qc8 18. Kg2 Qe6 19. Qd2 f5 20. Bxe5 Bxe5 21. f4 Bg7
22. Rf3 Rfd8 23. Re3 Qf7 24. Rd3 Rbc8 25. Rd1 h6 26. Qe3 Bf6 27. Qf3 Qe6 28. Re3
Qf7 29. Red3 Qe6 30. Re3 Qd7 31. Red3 Bxc3 32. Rxc3 Kf7 33. e4 fxe4 34. Qxe4 Qf5
35. Qf3 e6 36. Re1 Qf6 37. Rce3 Re8 38. Qe2 Qe7 39. Qd2 Qd7 40. Rd1 Rcd8 41. c5
d5 42. Qd4 a5 43. Rde1 Rb8 44. a3 Qe7 45. g4 Qf6 46. Qd2 Kg7 47. Rf3 Rb5 48. b4
axb4 49. axb4 Rf8 50. Kg3 g5 51. Ref1 gxf4+ 52. Rxf4 Qe5 53. Kg2 Rxf4 54. Rxf4
Rb7 55. Qf2 Ra7 56. h4 Qa1 57. h5 e5 58. Rf6 Ra2 59. Rf7+ Kg8 60. Rf8+ Kg7 61.
Rf7+ 1/2-1/2

[Event "ch-FRA Accession 2014"]
[Site "Nimes FRA"]
[Date "2014.08.23"]
[Round "6.2"]
[White "Bellahcene, Bilel"]
[Black "Lagarde, Maxime"]
[Result "0-1"]
[WhiteTitle "FM"]
[BlackTitle "GM"]
[WhiteElo "2357"]
[BlackElo "2534"]
[WhiteFideId "696358"]
[BlackFideId "662399"]
[EventDate "2014.08.17"]

1. d4 Nf6 2. c4 g6 3. Nc3 d5 4. cxd5 Nxd5 5. e4 Nxc3 6. bxc3 Bg7 7. Nf3 c5 8.
Rb1 O-O 9. Be2 Nc6 10. d5 Bxc3+ 11. Bd2 Bxd2+ 12. Qxd2 Na5 13. h4 Bg4 14. Ng5
Bxe2 15. Kxe2 h6 16. h5 Qd6 17. Qxa5 hxg5 18. Qc3 Qa6+ 19. Ke1 Qa4 20. f3 Qxa2
21. Qb2 Qxb2 22. Rxb2 Rfb8 23. hxg6 fxg6 24. Kd2 b5 25. Rc1 c4 26. Kc3 Kf7 27.
e5 a6 28. Kd4 Rc8 29. g3 Rh8 30. Ra1 Rac8 31. Rc2 Rh3 32. Rxa6 Rxg3 33. Ra7 Rxf3
34. d6 Re8 35. Ke4 Rf1 36. Rh2 Ke6 37. d7 Rf4+ 38. Ke3 Rd8 39. Rh6 Kxe5 0-1

[Event "ch-FRA Accession 2014"]
[Site "Nimes FRA"]
[Date "2014.08.23"]
[Round "6.3"]
[White "Buscara, Sevan"]
[Black "Meunier, Clement2"]
[Result "1-0"]
[WhiteTitle "FM"]
[WhiteElo "2348"]
[BlackElo "2219"]
[WhiteFideId "650234"]
[BlackFideId "20667930"]
[EventDate "2014.08.17"]

1. c4 Nf6 2. Nf3 g6 3. b3 Bg7 4. Bb2 O-O 5. g3 b6 6. d4 Bb7 7. Bg2 d6 8. O-O
Nbd7 9. Nc3 c5 10. d5 a6 11. a4 Ne4 12. Qc2 Nxc3 13. Bxc3 Nf6 14. e4 e5 15. dxe6
fxe6 16. Ng5 Qe7 17. e5 Bxg2 18. exf6 Bxf6 19. Bxf6 Qxf6 20. Nxh7 Kxh7 21. Kxg2
Qf3+ 22. Kg1 Kg7 23. Rfe1 Rae8 24. Re3 Qc6 25. Qb2+ Rf6 26. Rae1 Kf7 27. Qe2 Qb7
28. Qg4 b5 29. h4 Rf5 30. Qe2 bxa4 31. bxa4 Qd7 32. a5 Rf6 33. Rb1 Qa4 34. Qd3
Qxa5 35. h5 Qd8 36. Rf3 Rxf3 37. Qxf3+ Kg7 38. Rb7+ Re7 39. h6+ Kh7 40. Qf6 Rxb7
41. Qxd8 d5 42. cxd5 exd5 43. Qxd5 Rb1+ 44. Kg2 Rb5 45. Qc6 Kxh6 46. Qxa6 Rb4
47. Qc8 Rc4 48. f4 Rc2+ 49. Kf3 Kg7 50. Qd7+ Kf6 51. g4 Rc3+ 52. Ke2 g5 53. Qf5+ 1-0

[Event "ch-FRA Accession 2014"]
[Site "Nimes FRA"]
[Date "2014.08.23"]
[Round "6.4"]
[White "Brochet, Philippe"]
[Black "Apicella, Manuel"]
[Result "0-1"]
[WhiteTitle "IM"]
[BlackTitle "GM"]
[WhiteElo "2400"]
[BlackElo "2520"]
[WhiteFideId "602469"]
[BlackFideId "600164"]
[EventDate "2014.08.17"]

1. e4 e6 2. Nc3 d5 3. Nf3 d4 4. Ne2 c5 5. c3 Nf6 6. cxd4 cxd4 7. e5 Nfd7 8.
Nexd4 Nxe5 9. Bb5+ Nec6 10. O-O Be7 11. Ne2 a6 12. Ba4 b5 13. Bc2 Nb4 14. Bb1
Bb7 15. Nf4 Nd7 16. d4 Rc8 17. Qe2 Nf6 18. Be3 O-O 19. a3 Bxf3 20. gxf3 Nbd5 21.
Nd3 Nh5 22. Ba2 Bg5 23. Bxd5 Qxd5 24. Rac1 Be7 25. Rxc8 Rxc8 26. Rc1 Rxc1+ 27.
Nxc1 Bd6 28. Nd3 Qf5 29. Bd2 Qh3 30. Ne5 Bxe5 31. dxe5 h6 32. Qe4 f5 33. Qc6 Kh7
34. Qxe6 Qxf3 35. Be3 Qe4 36. Qd6 f4 37. Bd2 f3 38. Qb4 Qg6+ 0-1

[Event "ch-FRA Accession 2014"]
[Site "Nimes FRA"]
[Date "2014.08.23"]
[Round "6.5"]
[White "Wirig, Anthony"]
[Black "Barbot, Pierre1"]
[Result "0-1"]
[WhiteTitle "GM"]
[BlackTitle "FM"]
[WhiteElo "2506"]
[BlackElo "2409"]
[WhiteFideId "615013"]
[BlackFideId "663727"]
[EventDate "2014.08.17"]

1. d4 Nf6 2. c4 g6 3. Nc3 d5 4. Bg5 Ne4 5. Bf4 Nxc3 6. bxc3 dxc4 7. e4 Bg7 8.
Bxc4 c5 9. Nf3 O-O 10. O-O Nc6 11. d5 Na5 12. Be2 e6 13. d6 b6 14. e5 Bb7 15.
Re1 f6 16. Bg3 Qe8 17. exf6 Bxf6 18. Ne5 Rd8 19. Rb1 Bxe5 20. Bxe5 Qf7 21. Bg3
Bd5 22. Rb2 c4 23. Bg4 Nb7 24. Rd2 Rfe8 25. h4 Nc5 26. Re3 Ne4 27. Rd4 Nxg3 28.
Rxg3 Rxd6 29. h5 e5 30. hxg6 hxg6 31. Rd2 Red8 32. Qe1 Qf6 33. Re3 e4 34. Rd4 b5
35. a3 Bc6 36. Rxd6 Rxd6 37. Be2 Qf5 38. Bf1 Kg7 39. g3 Qc5 40. Qc1 Qd5 41. Qb2
a5 42. a4 bxa4 43. Qa2 Qc5 44. Kg2 Bb5 45. Be2 a3 46. Qc2 Bc6 47. Qa2 Bd5 48.
Qa1 Bc6 49. Qa2 Bd5 50. Qa1 Bb7 51. Qa2 Rb6 52. Qa1 Rb2 53. g4 Rd2 54. Qc1 Rb2
55. Qd1 Qd5 56. Qa4 Rxe2 57. Rxe2 e3+ 58. Kg3 Qf3+ 59. Kh4 g5+ 0-1

[Event "ch-FRA Accession 2014"]
[Site "Nimes FRA"]
[Date "2014.08.23"]
[Round "6.6"]
[White "Burri, Quentin"]
[Black "Velten, Paul"]
[Result "0-1"]
[BlackTitle "IM"]
[WhiteElo "2211"]
[BlackElo "2437"]
[WhiteFideId "26028654"]
[BlackFideId "681091"]
[EventDate "2014.08.17"]

1. e4 e6 2. d4 d5 3. Nd2 Nf6 4. e5 Nfd7 5. Bd3 c5 6. c3 b6 7. Ne2 Ba6 8. Bxa6
Nxa6 9. O-O b5 10. f4 g6 11. Nf3 Qb6 12. Qd3 Nab8 13. g4 Nc6 14. Kh1 c4 15. Qe3
Ne7 16. Ng3 h5 17. gxh5 Nf5 18. Qe1 Nxg3+ 19. Qxg3 Rxh5 20. Ng5 Be7 21. Bd2 a5
22. Rg1 Bxg5 23. fxg5 Ke7 24. a3 Rah8 25. Rg2 Ke8 26. Qf4 R5h7 27. Be1 Nb8 28.
h4 Nc6 29. Kg1 Ne7 30. a4 b4 31. cxb4 axb4 32. a5 Qa7 33. b3 Nf5 34. bxc4 dxc4
35. Qe4 Kd7 36. Bf2 Rxh4 37. Bxh4 Rxh4 38. Rg4 Rxg4+ 39. Qxg4 b3 40. Rb1 Qxa5
41. Qe4 Qd5 0-1

[Event "ch-FRA Accession 2014"]
[Site "Nimes FRA"]
[Date "2014.08.23"]
[Round "6.7"]
[White "Moussard, Jules"]
[Black "Le Corre, Benjamin"]
[Result "1-0"]
[WhiteTitle "IM"]
[BlackTitle "FM"]
[WhiteElo "2423"]
[BlackElo "2266"]
[WhiteFideId "642908"]
[BlackFideId "639605"]
[EventDate "2014.08.17"]

1. b3 d5 2. Bb2 Nf6 3. e3 Nbd7 4. Nf3 e6 5. d4 Be7 6. Bd3 b6 7. O-O Bb7 8. Ne5
Nxe5 9. dxe5 Nd7 10. Nd2 Nc5 11. Bb5+ c6 12. Be2 Qd7 13. f4 Ba6 14. Bxa6 Nxa6
15. Qe2 Nc5 16. e4 Nxe4 17. Nxe4 dxe4 18. Rad1 Qc7 19. Qxe4 g6 20. Rd6 O-O 21.
Rxc6 Bc5+ 22. Kh1 Qb7 23. Qf3 Rad8 24. Bc1 Rd5 25. c4 Qxc6 26. cxd5 Qxd5 27.
Qxd5 exd5 28. Rd1 d4 29. g4 Re8 30. g5 a5 31. Kg2 a4 32. b4 Bxb4 33. Rxd4 Ba5
34. Rxa4 Rc8 35. Be3 Rc2+ 36. Kg3 Kf8 37. h4 Ke7 38. Kf3 Rh2 39. Bf2 Rh3+ 40.
Ke4 Rh2 41. Kf3 Rh3+ 42. Kg4 Rh2 43. Kg3 Rh1 44. Rc4 Rb1 45. h5 gxh5 46. Rc7+
Ke6 47. Rc6+ Kd5 48. Rf6 Ke4 49. Rxf7 h4+ 50. Kg4 h3 51. Rxh7 Bd2 52. e6 h2 53.
Rxh2 1-0

[Event "ch-FRA Accession 2014"]
[Site "Nimes FRA"]
[Date "2014.08.23"]
[Round "6.8"]
[White "Fantinel, Thibault"]
[Black "Song, Julien"]
[Result "1/2-1/2"]
[WhiteTitle "FM"]
[BlackTitle "IM"]
[WhiteElo "2272"]
[BlackElo "2403"]
[WhiteFideId "663395"]
[BlackFideId "659487"]
[EventDate "2014.08.17"]

1. e4 e6 2. d4 d5 3. Nc3 Nf6 4. Bg5 dxe4 5. Nxe4 Be7 6. Bxf6 Bxf6 7. Nf3 Nd7 8.
Bd3 c5 9. dxc5 Nxc5 10. Bb5+ Ke7 11. Qxd8+ Rxd8 12. Nxc5 Rd5 13. Na6 Bxb2 14.
Rb1 Rxb5 15. Nc7 Bc3+ 16. Ke2 Rxb1 17. Rxb1 Rb8 18. Na6 Ra8 19. Nc7 Rb8 20. Na6
Ra8 21. Nc7 1/2-1/2

[Event "ch-FRA Accession 2014"]
[Site "Nimes FRA"]
[Date "2014.08.23"]
[Round "6.9"]
[White "Duboue, Peio"]
[Black "Battaglini, Gabriel"]
[Result "0-1"]
[BlackTitle "IM"]
[WhiteElo "2272"]
[BlackElo "2431"]
[WhiteFideId "654833"]
[BlackFideId "621650"]
[EventDate "2014.08.17"]

1. e4 c6 2. d4 d5 3. Nc3 dxe4 4. Nxe4 Bf5 5. Ng3 Bg6 6. f4 e6 7. Nf3 Nd7 8. h4
h6 9. h5 Bh7 10. Bd3 Bxd3 11. Qxd3 Bd6 12. Ne4 Ndf6 13. Nxd6+ Qxd6 14. Ne5 Ne7
15. Be3 Nf5 16. O-O-O Qd5 17. g4 Nxe3 18. Qxe3 Qxa2 19. c4 Nd7 20. Qc3 Rd8 21.
f5 Nxe5 22. dxe5 O-O 23. f6 b5 24. fxg7 Kxg7 25. Qf3 Qxc4+ 26. Kb1 Rd5 27. g5
hxg5 28. h6+ Kh7 29. Rdg1 Rd2 30. Rc1 Qd3+ 31. Qxd3+ Rxd3 32. Rh5 Kg6 33. Rh2
Re3 0-1

[Event "ch-FRA Accession 2014"]
[Site "Nimes FRA"]
[Date "2014.08.23"]
[Round "6.10"]
[White "Navrotescu, Catalin"]
[Black "Mouhamad, Joachin"]
[Result "1-0"]
[WhiteTitle "IM"]
[WhiteElo "2406"]
[BlackElo "2224"]
[WhiteFideId "1200208"]
[BlackFideId "656410"]
[EventDate "2014.08.17"]

1. d4 g6 2. e4 Bg7 3. Nc3 c5 4. d5 d6 5. Nf3 a6 6. a4 Nf6 7. Nd2 e5 8. Be2 O-O
9. Nc4 Ne8 10. h4 f5 11. h5 Nd7 12. hxg6 hxg6 13. exf5 gxf5 14. g4 e4 15. gxf5
Ndf6 16. Bf4 Bxf5 17. Qd2 b5 18. Ne3 Bd7 19. axb5 axb5 20. Rxa8 Qxa8 21. Bxb5
Qa1+ 22. Ned1 Bg4 23. Be2 Bf5 24. Qe3 Ng4 25. Qg3 Nef6 26. Bxd6 Re8 27. O-O Nh5
28. Qh4 Rd8 29. Qxd8+ 1-0

[Event "ch-FRA Accession 2014"]
[Site "Nimes FRA"]
[Date "2014.08.23"]
[Round "6.11"]
[White "Dionisi, Thomas"]
[Black "Pieroni, Guillaume"]
[Result "1-0"]
[WhiteTitle "FM"]
[WhiteElo "2400"]
[BlackElo "2218"]
[WhiteFideId "651893"]
[BlackFideId "627933"]
[EventDate "2014.08.17"]

1. e4 e6 2. d4 d5 3. Nc3 Bb4 4. e5 c5 5. a3 Ba5 6. b4 cxd4 7. Nb5 Bc7 8. f4 a5
9. Bb2 Nh6 10. Bd3 Nc6 11. Nxc7+ Qxc7 12. b5 Ne7 13. Nf3 Nhf5 14. Qe2 Bd7 15.
O-O Ne3 16. Rfb1 Nc4 17. Bxd4 Nf5 18. Bf2 Rc8 19. a4 O-O 20. g4 Ne7 21. Bd4 Ng6
22. Ng5 f6 23. exf6 Rxf6 24. Bxf6 gxf6 25. Nxe6 Qb6+ 26. Qf2 Qxf2+ 27. Kxf2 Bxe6
28. f5 Bf7 29. fxg6 hxg6 30. Re1 Kf8 31. h4 b6 32. g5 f5 33. h5 gxh5 34. Bxf5
Rc5 35. g6 Bg8 36. Rad1 d4 37. Be4 Ne3 38. Rxd4 Nxc2 39. Rd8+ Ke7 40. Red1 Be6
41. g7 Rc4 42. Bxc2 Rxc2+ 43. R1d2 Rxd2+ 44. Rxd2 Kf7 45. Rd6 Bb3 46. Rxb6 1-0

[Event "ch-FRA Accession 2014"]
[Site "Nimes FRA"]
[Date "2014.08.23"]
[Round "6.12"]
[White "Collas, Didier"]
[Black "Veys, Vincent"]
[Result "1/2-1/2"]
[WhiteTitle "IM"]
[WhiteElo "2362"]
[BlackElo "2143"]
[WhiteFideId "602680"]
[BlackFideId "20641567"]
[EventDate "2014.08.17"]

1. c4 e5 2. g3 Nf6 3. Bg2 Nc6 4. e3 d5 5. cxd5 Nxd5 6. a3 Be7 7. b4 a6 8. Bb2
O-O 9. Ne2 Be6 10. d4 exd4 11. Nxd4 Nxd4 12. Bxd4 c5 13. bxc5 Bxc5 14. Bxc5 Qa5+
15. Nd2 Qxc5 16. O-O Nc3 17. Ne4 Nxe4 18. Bxe4 Rad8 19. Qb1 f5 20. Bf3 b5 21.
Qb4 Qb6 22. a4 Bc4 23. Rfd1 Qf6 24. Rac1 Rxd1+ 25. Bxd1 Qe6 26. Bf3 Rd8 27. Qc5
g6 28. h4 Qd6 29. Qa7 Rd7 30. Qa8+ Rd8 31. Qa7 Rd7 32. Qa8+ Rd8 33. Qa7 1/2-1/2

[Event "ch-FRA Accession 2014"]
[Site "Nimes FRA"]
[Date "2014.08.23"]
[Round "6.13"]
[White "Gervasio, Ricardo"]
[Black "Houriez, Clement"]
[Result "1/2-1/2"]
[BlackTitle "FM"]
[WhiteElo "2239"]
[BlackElo "2295"]
[WhiteFideId "2104997"]
[BlackFideId "649708"]
[EventDate "2014.08.17"]

1. d4 Nf6 2. c4 e6 3. Nc3 Bb4 4. e3 O-O 5. Bd3 Re8 6. Ne2 d5 7. a3 Bf8 8. O-O
Nbd7 9. b4 a5 10. b5 c5 11. cxd5 exd5 12. dxc5 Nxc5 13. Nf4 Be6 14. Bb2 Bd6 15.
Nxe6 fxe6 16. Bc2 Rc8 17. f4 Qb6 18. Rf3 Nce4 19. Nxe4 dxe4 20. Rh3 Bxf4 21.
Bxf6 gxf6 22. Qg4+ Bg5 23. Bxe4 Rc3 24. Bxh7+ Kf8 25. Bg6 Rxe3 26. Kh1 Rd8 27.
Rf1 Rxh3 28. Qxg5 Qf2 29. Qc1 Qe2 30. Qf4 f5 31. Bxf5 exf5 32. Qxf5+ Ke7 33.
gxh3 Rd2 34. Qf8+ Ke6 35. Qf7+ Ke5 36. Qf6+ Kd5 37. Qf5+ Kd6 38. Qg6+ Kd5 39.
Rf5+ Kd4 40. Qg4+ Kc3 41. Qxe2 Rxe2 42. Rf4 Kd3 43. h4 Rb2 44. Rf5 Ke4 45. Rg5
Kf4 46. a4 Ra2 47. Rg7 Rxa4 48. h5 Rb4 49. Rxb7 Kg5 50. b6 a4 51. Ra7 Rxb6 52.
Rxa4 Kxh5 53. Ra3 Rc6 54. Kg2 Rb6 55. Kg3 Rc6 56. Kf4 Rc4+ 57. Kf5 Rc5+ 58. Kf4
Rc4+ 59. Kf5 Rc5+ 60. Kf4 Rc4+ 1/2-1/2

[Event "ch-FRA Accession 2014"]
[Site "Nimes FRA"]
[Date "2014.08.23"]
[Round "6.14"]
[White "Mirimanian, Hayk"]
[Black "Mullon, Jean-Baptiste"]
[Result "1-0"]
[BlackTitle "IM"]
[WhiteElo "2260"]
[BlackElo "2430"]
[WhiteFideId "4700180"]
[BlackFideId "613606"]
[EventDate "2014.08.17"]

1. e4 c5 2. Nf3 e6 3. b3 a6 4. Bb2 Nc6 5. g3 d6 6. d4 cxd4 7. Nxd4 Bd7 8. Bg2
Nf6 9. O-O Be7 10. Re1 O-O 11. c4 Rc8 12. Nc3 Qa5 13. Nxc6 bxc6 14. e5 dxe5 15.
Ne4 Rfd8 16. Bc3 Qc7 17. Nxf6+ Bxf6 18. c5 Qa7 19. b4 Be8 20. Qc2 Qb8 21. Bf1 a5
22. Rab1 axb4 23. Rxb4 Qa7 24. Rb6 Rd5 25. Bb4 Bd8 26. Ra6 Qb7 27. a3 f6 28. Qa4
Bg6 29. Ra7 Bc2 30. Rxb7 Bxa4 31. Bc4 Ra8 32. Bxd5 exd5 33. f4 e4 34. Ra1 h5 35.
Kf2 Kh7 36. Bc3 Kg6 37. Ke3 Ba5 38. Bd4 Bc2 39. h3 Bd3 40. g4 Ba6 41. Re7 hxg4
42. hxg4 Bd8 43. f5+ Kh7 44. Re8 Kh6 45. Kf2 g6 46. Rh1+ Kg5 47. fxg6 Kxg6 48.
Rhh8 1-0